000 00726nam a2200241 a 4500
001 BRCA_4052
005 20190320204528.0
008 150210s1949----mx-a######---#000-0#spa-#
041 _aspa
044 _amx
050 4 _aPQ7296.J8
_b.C47 1949
100 1 _aCervantes, Enrique A.
_9383
245 1 0 _aTestamento de Sor Juana Inés de la Cruz y otros documentos
_cEnrique A. Cervantes.
260 _aMéxico
_bE. A. Cervantes
_c1949
300 _a53 p.
_bil
_c28 cm
500 _aEjemplar numerado 472 de 500
500 _aGrabado de la portada de Isidoro Campos
500 _aincluye sumario
500 _aC128
600 1 4 _aJuana Inés de la Cruz
_cSor
_d1651-1695
_xTestamento
_910511
902 _aGFM
942 _2lcc
_cB
999 _c3776
_d3776